000 01108cam a22002771 4500
001 sd 60000002
003 DLC
005 20260227112736.0
008 920417r19601959dcu f000 0 eng c
010 _asd 60000002
035 _a(OCoLC)25667543
040 _aU.S. Dept. of State. Library
_cDS
_dDS
_dDLC
050 0 0 _aE744
_b.F77
100 1 _aFoster, H. Schuyler
_q(Harry Schuyler),
_d1905-
245 1 0 _aAmerican public opinion and U.S. foreign policy.
_b[Address made before the Middletown University Club at Middletown, Conn., on Oct. 15, 1959.
260 _aWashington]
_bDept. of State
_c[1960]
300 _a19 p.
_c22 x 10 cm.
490 1 _a[U.S.] Dept. of State. Publication
_v6925
490 1 _aGeneral foreign policy series
_v146
500 _a"Reprinted from the Department of State bulletin of November 30, 1959."
650 0 _aPublic opinion
_zUnited States.
651 0 _aUnited States
_xRelations.
651 0 _aUnited States
_xPublic opinion.
830 0 _aDepartment of State publication ;
_v6925.
830 0 _aDepartment of State publication.
_pGeneral foreign policy series ;
_v146.
999 _c90076
_d90076